Slime Rancher Locations - Statistics

General Stats
  • This quiz has been taken 39 times
  • The average score is 10 of 17
Answer Stats
Hint Locations % Correct
The Wilderness The Glass Desert
94%
The Ranch The Lab
88%
The Wilderness The Indigo Quarry
84%
The Wilderness The Moss Blanket
81%
The Wilderness The Ancient Ruins
72%
The Ranch The Docks
72%
The Ranch The Ranch
72%
The Wilderness The Dry Reef
69%
The Ranch The Grotto
66%
The Ranch The Overgrowth
66%
The Wilderness The Wilds
50%
The Wilderness The Slimeulation
41%
The Ranch Mochi's Manor
34%
The Ranch Ogden's Retreat
28%
The Wilderness Nimble Valley
25%
The Wilderness The Slime Sea
22%
The Ranch Viktor's Workshop
13%
No matching quizzes found
Score Distribution
Percent of People with Each Score
Percentile by Number Answered
Your Score History
You have not taken this quiz